[Event "The Collie Cup Tournament"]
[Site "Bermuda"]
[Date "2016.11.22"]
[Round "1"]
[White "Daniel Cabral"]
[Black "Rey Casanova"]
[Result "0-1"]
[WhiteElo "1565"]
[BlackElo "1704"]

1.e4 e5 2.Nf3 Nc6 3.Bb5 d6 4.d4 Bd7 5.O-O Nxd4 6.Bxd7+ Qxd7 7.Nxd4 exd4 8.Qxd4
h6 9.Nc3 c6 10.Bf4 c5 11.Qd3 O-O-O 12.Rfd1 g5 13.Be3 Kb8 14.Rab1 Qc6 15.Qc4
Rd7 16.b4 Nf6 17.Nd5 Nxd5 18.Rxd5 Be7 19.bxc5 Rc8 20.Qb3 dxc5 21.Rxd7 Qxd7
22.Qxf7 c4 23.h4 g4 24.Qf4+ Ka8 25.Qxh6 Bc5 26.g3 Bxe3 27.Qxe3 c3 28.Qd3 Qa4
29.Rb3 Qxa2 30.Rxc3 Qa1+ 31.Kg2 Qxc3 {#R} 0-1

[Event "The Collie Cup tournament"]
[Site "Bermuda"]
[Date "2016.11.22"]
[Round "1"]
[White "Patricio Rubiso"]
[Black "Mark Flanagan"]
[Result "0-1"]
[WhiteElo "1704"]
[BlackElo "1835"]

1.e4 d5 2.exd5 Qxd5 3.d4 Nc6 4.Be3 Nf6 5.c4 Qd8 6.Nc3 Bf5 7.a3 e6 8.h3 Be7
9.Be2 O-O 10.Nf3 h6 11.Bd3 Re8 12.Qc2 Bxd3 13.Qxd3 a5 14.O-O Nb8 15.Rad1 c6
16.Qe2 Qc7 17.c5 Nbd7 18.Nh2 Nd5 19.Nxd5 exd5 20.Qf3 Nf6 21.Bf4 Qd7 22.Be5 Ne4
23.Qg4 Qxg4 24.Nxg4 Bg5 25.f4 Bh4 26.f5 h5 27.Nh2 Bg3 28.Nf3 f6 29.Bxg3 Nxg3
30.Rfe1 Nxf5 31.Kf2 Kf7 32.g4 hxg4 33.hxg4 Nh6 34.Kg3 Rad8 35.Rf1 Re3 36.Rde1
Rde8 37.Rxe3 Rxe3 38.Rf2 a4 39.Kh4 Kg6 40.Kg3 Nf7 41.Kf4 Re4+ 42.Kg3 Nh6
43.Nh4+ Kf7 44.Rf4 Rxf4 45.Kxf4 g5+ 46.Kg3 {#R} 0-1

[Event "The Collie Cup Tournament"]
[Site "Bermuda"]
[Date "2016.11.22"]
[Round "1"]
[White "Sami Lill"]
[Black "Don Dacres"]
[Result "1/2-1/2"]
[WhiteElo "1879"]
[BlackElo "1697"]

1.Nf3 Nf6 2.d4 e6 3.c4 d5 4.Nc3 Be7 5.Bf4 Nbd7 6.h3 c5 7.e3 b6 8.Bd3 dxc4
9.Bxc4 Bb7 10.Nb5 O-O 11.Nd6 Bxd6 12.Bxd6 Re8 13.O-O a5 14.Qe2 Rc8 15.Rac1 Ne4
16.Bh2 cxd4 17.Nxd4 Ndc5 18.Rfd1 Qf6 19.Nf3 e5 20.b3 h6 21.Qb2 Ng5 22.Nxe5
Bxg2 23.Kxg2 Rxe5 24.Qxe5 Qf3+ 25.Kf1 Qxh3+ 26.Ke2 Qg4+ 27.Kf1 Qh3+ 28.Ke2
Qg4+ 29.Kf1 Qh3+ {#d} 1/2-1/2

[Event "The Collie Cup TournamentB"]
[Site "Bermuda"]
[Date "2016.11.22"]
[Round "1"]
[White "Daniel Iwaloye"]
[Black "Serguei Gontcharov"]
[Result "0-1"]
[WhiteElo "1500"]
[BlackElo "1724"]

1. Nf3 d5 2. d4 Nf6 3. Nc3 e6 4. Bg5 c5 5. dxc5 Bxc5 6. e4 Qb6 7. Bh4 Qxb2 8.
Nb5 Bb4+ 9. Ke2 Nxe4 10. Rb1 Nc3+ 11. Nxc3 Qxc3 12. Rb3 Qc4+ 13. Qd3 Qxd3+ 14.
cxd3 Nc6 15. d4 O-O 16. Ke3 Bd6 17. Bd3 Re8 18. Bg3 e5 19. dxe5 Nxe5 20. Bxe5
Bxe5 21. Kd2 Bf4+ 22. Kc2 Rb8 23. g3 Bd6 24. Rhb1 Bg4 25. Bb5 Rec8+ 26. Kd2 a6
27. Be2 b5 28. Nd4 Bxe2 29. Kxe2 Re8+ 30. Kd3 Rbc8 31. f4 Rc4 32. Rc3 Bc5 33.
Nc2 Rxc3+ 34. Kxc3 Kf8 35. Kd3 Re4 36. Re1 Rxe1 37. Nxe1 Ke7 38. Nf3 f6 39.
Nd2 Kd6 40. g4 a5 41. Nb3 a4 42. Nd2 Ke6 43. Nf3 g6 44. h3 b4 45. Nd2 Bf2 46.
Ke2 Bg3 47. Ke3 Be1 48. Nf3 Bc3 49. Kd3 d4 50. Kc4 Kd6 51. h4 b3 52. axb3 axb3
53. Kxb3 Kd5 54. Ng1 Ke4 55. g5 f5 56. Ne2 Ke3 57. Nxc3 dxc3 58. Kxc3 Kxf4 59.
Kd3 Kg4 60. Ke3 Kxh4 61. Kf2 Kxg5 62. Kg3 f4+ 63. Kf3 Kf5 64. Kg2 Kg4 65. Kf2
f3 66. Kg1 Kg3 67. Kh1 Kf2 {#R} 0-1

[Event "The Collie Cup Tournament"]
[Site "Bermuda"]
[Date "2016.11.22"]
[Round "1"]
[White "Adrian Woodley"]
[Black "Mel Rabain"]
[Result "1-0"]
[WhiteElo "1347"]
[BlackElo "1430"]

1. e4 c6 2. d4 d5 3. e5 Bf5 4. h4 e6 5. g4 Ne7 6. gxf5 Nxf5 7. Nf3 Be7 8. Bg5
f6 9. exf6 gxf6 10. Bf4 h5 11. Nc3 Nd7 12. Qd2 Qb6 13. O-O-O a5 14. Bh3 a4 15.
Bxf5 exf5 16. Rde1 a3 17. b3 Kd8 18. Rhg1 Qa5 19. Rxe7 Kxe7 20. Rg7+ Kd8 21.
Qd3 b5 22. Qxf5 Ra7 23. Rxd7+ Rxd7 24. Qxf6+ Re7 25. Ne5 Rh7 26. Qf8+ Re8 27.
Qd6+ Kc8 28. Qxc6+ Kd8 29. Bg5+ Ree7 30. Qd7# 1-0

[Event "The Collie Cup Tournament"]
[Site "Bermuda"]
[Date "2016.11.22"]
[Round "1"]
[White "Jamel Warren"]
[Black "Carlos Tavares"]
[Result "1-0"]
[WhiteElo "1528"]
[BlackElo "1671"]

1. e4 c6 2. d4 d6 3. Nf3 Bg4 4. Nc3 Nf6 5. Bc4 h6 6. O-O Nxe4 7. Bxf7+ Kxf7 8.
Nxe4 Qd7 9. c4 Qf5 10. Re1 Bxf3 11. Qxf3 Qxf3 12. gxf3 g5 13. h3 Nd7 14. f4
gxf4 15. Bxf4 Nf6 16. Nxf6 Kxf6 17. c5 Kf5 18. Bg3 Rg8 19. Re3 h5 20. Kh2 Kf6
21. Rc1 Rg6 22. Bh4+ Kf7 23. Bxe7 dxc5 24. Bxf8 Kxf8 25. dxc5 Rb8 26. Rf3+ Kg7
27. Rg3 Kh6 28. Rcg1 Rf6 29. Rf1 Rbf8 30. Kg2 Re6 31. Re3 Rg6+ 32. Kh2 h4 33.
Re4 Kh5 34. f3 Rfg8 35. Rg4 Rd8 36. Rxg6 Rd2+ 37. Rg2 Rxg2+ {#r} 1-0

[Event "The Collie Cup Tournament"]
[Site "Bermuda"]
[Date "2016.11.22"]
[Round "1"]
[White "Curtis Alban"]
[Black "Carlton Simmons"]
[Result "0-1"]
[WhiteElo "1400"]
[BlackElo "1400"]

1. e4 d6 2. c4 Nc6 3. a3 f5 4. Nc3 Nf6 5. d3 fxe4 6. Bg5 exd3 7. Bxd3 Be6 8.
f3 Qd7 9. Be3 Ne5 10. Be2 Bxc4 11. Bd4 Bxe2 12. Ngxe2 Nc6 13. f4 Nxd4 14. Nxd4
a6 15. Nce2 Ne4 16. Qd3 Nc5 17. Qf5 e6 18. Qh5+ g6 19. Qf3 O-O-O 20. b4 Na4
21. Rb1 c5 22. Nb3 c4 23. Na5 d5 24. O-O Bd6 25. Nd4 Rdf8 26. b5 Bc5 27. Rfd1
axb5 28. g3 e5 29. Qe3 exf4 30. gxf4 Re8 31. Qd2 Rhf8 32. Rf1 Re4 33. Rf2 Bxd4
34. Nxc4 dxc4 35. Qa5 Qg4+ 36. Kh1 Qf3+ 37. Kg1 Bxf2+ 38. Kf1 Qe2+ {#R} 0-1

[Event "The Collie Cup Tournament"]
[Site "Bermuda"]
[Date "2016.11.27"]
[Round "1"]
[White "Ezra Turner"]
[Black "Moses Mufandaedza"]
[Result "0-1"]
[WhiteElo "1700"]
[BlackElo "1981"]

1. e4 e5 2. Nf3 Nf6 3. Nc3 Bb4 4. Bc4 O-O 5. Nxe5 Qe7 6. Nf3 Bxc3 7. dxc3
Qxe4+ 8. Be2 Re8 9. h3 d5 10. Bg5 Nbd7 11. Kf1 h6 12. Bd3 Qe7 13. Bh4 c6 14.
Qd2 Nc5 15. Re1 Nce4 16. Bxe4 dxe4 17. Bxf6 Qxf6 18. Nd4 Re7 19. g4 Bd7 20.
Qe3 Rae8 21. Rg1 Re5 22. Nf5 Bxf5 23. gxf5 Rxf5 24. Rg2 b6 25. Rg3 c5 26. Ke2
Rf3 27. Rxf3 exf3+ {#R} 0-1

[Event "The Collie Cup Tournament"]
[Site "Bermuda"]
[Date "2016.11.27"]
[Round "2"]
[White "Daniel Iwaloye"]
[Black "Ben Wacker"]
[Result "1-0"]
[WhiteElo "1500"]
[BlackElo "1400"]

1. e4 e5 2. Bc4 Nf6 3. Nf3 Bc5 4. Nxe5 Nxe4 5. d4 Qf6 6. Bxf7+ Kf8 7. O-O Nc6
8. Nxc6 bxc6 9. dxc5 Kxf7 10. c3 d6 11. cxd6 cxd6 12. f3 Ba6 13. fxe4 Bxf1 14.
Qxf1 Qxf1+ 15. Kxf1 Rab8 16. b4 Rhe8 17. Nd2 Re6 18. Kf2 Rbe8 19. Nc4 Ke7 20.
Bg5+ Kd7 21. Nd2 h6 22. Bf4 g5 23. Bg3 d5 24. e5 h5 25. h3 h4 26. Bh2 Rf8+ 27.
Ke3 g4 28. hxg4 Rg8 29. Nb3 Reg6 30. Nc5+ Kc8 31. Rf1 Rxg4 32. Rf2 Rxg2 33. e6
d4+ 34. cxd4 Rxf2 35. Kxf2 h3 36. Bg3 Rh8 37. Kg1 Rg8 38. Kh2 Rh8 39. Bd6 Rh5
40. e7 Rh8 41. a4 Re8 42. Kxh3 Rxe7 43. Bxe7 Kc7 44. Kg4 Kb6 45. Bd8# 1-0

[Event "The Collie Cup tournament"]
[Site "Bermuda"]
[Date "2016.11.29"]
[Round "2"]
[White "Mark Flanagan"]
[Black "Serguei Gontcharov"]
[Result "1/2-1/2"]
[WhiteElo "1835"]
[BlackElo "1724"]

1.d4 Nf6 2.Nf3 c5 3.c3 cxd4 4.cxd4 d5 5.Nc3 Nc6 6.Bf4 Qb6 7.a3 Qxb2 8.Na4 Qb5
9.Bd2 Nb8 10.Ne5 Bd7 11.Nxd7 Qxd7 12.Nc5 Qc7 13.Rc1 Nc6 14.e3 e6 15.Bb5 Bxc5
16.Rxc5 O-O 17.O-O Ne4 18.Rc2 Nxd2 19.Qxd2 Qd6 20.Rc5 Rfc8 21.Rfc1 Ne7 22.Qb4
Rxc5 23.Rxc5 Rc8 24.Rxc8+ Nxc8 25.Bd3 Qxb4 26.axb4 Nd6 27.Kf1 b5 28.Ke1 a6
29.f3 Kf8 30.e4 Nc4 31.f4 dxe4 32.Bxe4 a5 33.bxa5 Nxa5 {#d} 1/2-1/2

[Event "The Collie Cup tournament"]
[Site "Bermuda"]
[Date "2016.11.29"]
[Round "2"]
[White "Moses Mufandaedza"]
[Black "Sami Lill"]
[Result "1/2-1/2"]
[WhiteElo "1981"]
[BlackElo "1879"]

1. d4 d6 2. Nf3 c6 3. g3 Qc7 4. Bf4 Nf6 5. c4 Nh5 6. Bd2 e5 7. dxe5 dxe5 8.
Bg2 Be6 9. Qc2 g6 10. O-O Nd7 11. Ng5 Ng7 12. b3 Be7 13. Nc3 Bxg5 14. Bxg5 h6
15. Bd2 Nf5 16. Rac1 f6 17. Rfd1 h5 18. Qb2 g5 19. Ne4 h4 20. Bc3 hxg3 21.
hxg3 Kf7 22. Rd2 Rh7 23. Rcd1 Rah8 24. Rxd7+ Bxd7 25. Nxg5+ Kg6 26. Nxh7 Rxh7
27. Be4 Kf7 28. Qc2 Rh5 29. g4 Rg5 30. Rxd7+ Qxd7 31. Bxf5 Qe7 32. Qd2 Ke8 33.
c5 Qg7 34. Qd6 Rxg4+ 35. Bxg4 Qxg4+ 36. Kf1 Qh3+ 37. Kg1 Qg4+ 38. Kh2 Qh4+
{#d} 1/2-1/2

[Event "The Collie Cup tournament"]
[Site "Bermuda"]
[Date "2016.11.29"]
[Round "2"]
[White "Rey Casanova"]
[Black "Jamel Warren"]
[Result "1-0"]
[WhiteElo "1670"]
[BlackElo "1528"]

1. e4 e5 2. Nf3 Nc6 3. Bb5 a6 4. Ba4 Nf6 5. O-O b5 6. Bb3 Bc5 ( 6... Bd6)7. d3
d5 8. Nxe5 Bxf2+ ( 8... Nxe5 9. d4 Bg4 10. f3 dxe4 11. fxg4 Qxd4+ 12. Qxd4
Bxd4+ 13. Kh1 Nexg4 )9. Rxf2 Nxe5 10. exd5 O-O 11. Bg5 Qd6 12. h3 Nxd5 13. c4
Nb4 ( 13... Qb6)14. d4 Nxc4 15. a3 Nd5 16. Nc3 Nxc3 17. bxc3 Nxa3 18. Re2 Be6
19. d5 ( 19. Bxe6)19... Bd7 20. Be7 Qb6+ 21. Kh1 Nc4 22. Bxc4 bxc4 23. Bxf8
Kxf8 24. Re4 Bb5 25. Qf3 Rd8 26. Rae1 Rxd5 27. Re8+ Bxe8 28. Qxd5 Qc6 29. Qd8
a5 30. Qb8 ( 30. Qe7+ Kg8 )30... g6 31. Qd8 a4 32. Qe7+ Kg7 33. Qxe8 Qxe8 34.
Rxe8 a3 ( 34... Kf6 35. Ra8 Ke5 36. Rxa4 ) {#r} 1-0

[Event "The Collie Cup tournament"]
[Site "Bermuda"]
[Date "2016.11.29"]
[Round "2"]
[White "Carlos Tavares"]
[Black "Carlton Simmons"]
[Result "0-1"]
[WhiteElo "1671"]
[BlackElo "1400"]

1. e4 d6 2. Bc4 Nf6 3. Nc3 Bg4 4. Nf3 h6 5. d4 Nbd7 6. O-O Nb6 7. Bb3 e5 8.
Be3 Be7 9. Qe2 exd4 10. Bxd4 c5 11. Be3 Nfd7 12. h3 Bh5 13. Rad1 Ne5 14. Qb5+
Qd7 15. Qxd7+ Nbxd7 16. Nxe5 Nxe5 17. Ba4+ Nc6 18. g4 Bg6 19. Nd5 Bxe4 20.
Bxc6+ bxc6 21. Nc7+ Kd7 22. Nxa8 Rxa8 23. c3 Bf3 24. Rd2 a5 25. Bxc5 Bd5 26.
Bd4 f6 27. b3 a4 28. c4 Bf7 29. Re1 Rb8 30. bxa4 Bxc4 31. a5 d5 32. Bc3 Bb4
33. Bxb4 Rxb4 34. Rc1 Kc7 35. Re1 Kd6 36. Ra1 Ra4 37. a3 Rxa5 38. Rb2 Bb5 39.
Rb4 c5 40. Rb2 c4 41. Rab1 Kc5 42. a4 Bc6 43. Kf1 Rxa4 44. Ke2 d4 45. f4 Ra3
46. h4 Re3+ 47. Kf2 Rf3+ 48. Ke1 Rxf4 {#R} 0-1

[Event "The Collie Cup tournament"]
[Site "Bermuda"]
[Date "2016.11.29"]
[Round "2"]
[White "Adrian Woodley"]
[Black "Daniel Cabral"]
[Result "0-1"]
[WhiteElo "1327"]
[BlackElo "1600"]

1. e4 e6 2. d4 d5 3. e5 c5 4. c3 Nc6 5. Nf3 Nge7 6. Bd3 cxd4 7. cxd4 Bd7 8.
Na3 Nf5 9. Nc2 Qa5+ 10. Bd2 Qb6 11. Bc3 Be7 12. O-O O-O 13. Re1 Kh8 14. Qd2 h6
15. g3 Qd8 16. b4 a5 17. b5 Nb8 18. a4 Qb6 19. h4 Be8 20. Qf4 f6 21. g4 fxe5
22. Qxe5 Nxh4 23. Nxh4 Bxh4 24. Re2 Rf3 25. Bd2 Rxd3 26. Bxh6 Bf6 27. Qh2 Kg8
28. Be3 Nd7 29. Kg2 g5 30. Rh1 Bg6 31. Qh6 Kf7 32. Qh3 Rh8 33. Qg3 Rxh1 34.
Kxh1 Rd1+ 35. Kg2 Bd3 36. Rd2 Rxd2 37. Bxd2 Bxc2 38. Qf3 Be4 {#R} 0-1

[Event "The Collie Cup Tournament"]
[Date "2016.12.04"]
[Round "3"]
[White "Sami Lill"]
[Black "Mark Flanagan"]
[Result "1-0"]
[WhiteElo "1879"]
[BlackElo "1835"]

1.e4 d5 2.exd5 Qxd5 3.d4 Nc6 4.Be3 e5 5.Nc3 Qa5 6.Bb5 Bb4 7.Bxc6+ bxc6 8.Ne2
Nf6 9.O-O O-O 10.dxe5 Qxe5 11.Qd4 Qa5 12.a3 Be7 13.Rad1 Be6 14.Ne4 Rfd8 15.Qc3
Qb5 16.Nd4 Qh5 17.Ng3 Nd5 18.Qxc6 Qg4 19.h3 Qg6 20.Nxe6 fxe6 21.Bc5 Bd6
22.Bxd6 cxd6 23.c3 Ne3 24.fxe3 Qxg3 25.Rf3 Qe5 26.Rdf1 Qh5 27.Qc7 Rf8 28.Rxf8+
Rxf8 29.Rxf8+ Kxf8 30.Qxd6+ Kf7 31.Qd7+ Kf6 32.Qd8+ Kf7 33.Qd7+ Kf6 34.Qd4+ e5
35.Qd6+ Kf7 36.Qd5+ Ke7 37.Qb7+ Ke6 38.Qxa7 Qd1+ 39.Kh2 Qd6 40.e4 Kf6 41.Qf2+
Kg6 42.Qf5+ Kh6 43.h4 g6 44.Qg5+ Kg7 45.h5 Kf7 46.hxg6+ hxg6 47.Qh4 Qd2
48.Qh7+ Kf6 49.Qh8+ Ke6 50.Qe8+ Kf6 51.Qf8+ Ke6 52.Qc8+ Kf7 53.Qb7+ Kf6
54.Qc6+ Kg5 55.Qd5 Qf4+ 56.Kg1 Qc1+ 57.Kf2 Qf4+ 58.Ke1 Qc1+ 59.Ke2 {#t} 1-0

[Event "The Collie Cup Tournament"]
[Site "Bermuda"]
[Date "2016.12.06"]
[Round "3"]
[White "Serguei Gontcharov"]
[Black "Moses Mufandaedza"]
[Result "0-1"]
[WhiteElo "1724"]
[BlackElo "1981"]

1. e4 e5 2. f4 exf4 3. Nf3 g5 4. Bc4 Bg7 5. d4 d6 6. O-O h6 7. Nc3 Ne7 8. h4
Nbc6 9. hxg5 hxg5 10. Bxf7+ Kxf7 11. Nxg5+ Kg8 12. Ne2 Bg4 13. c3 Ng6 14. Qb3+
d5 15. Nxf4 Nxd4 16. Qxb7 Nxf4 17. Bxf4 Ne2+ 18. Kf2 Nxf4 19. Kg3 Ne6 {#R} 0-1

[Event "The Collie Cup Tournament"]
[Site "Bermuda"]
[Date "2016.12.06"]
[Round "3"]
[White "Don Dacres"]
[Black "Rey Casanova"]
[Result "1/2-1/2"]
[WhiteElo "1691"]
[BlackElo "1670"]

1.e4 e5 2.Bc4 c6 3.Nc3 Nf6 4.Nf3 d6 5.d4 Bg4 6.Be3 Be7 7.O-O b5 8.Be2 b4
9.dxe5 Bxf3 10.Bxf3 dxe5 11.Qxd8+ Bxd8 12.Na4 Nbd7 13.Nc5 O-O 14.Nd3 Be7
15.Rfe1 h6 16.Bd2 c5 17.c3 a5 18.b3 Rfc8 19.c4 Nh7 20.Bg4 Nhf6 21.Bd1 Rd8
22.f4 Nb8 23.Bc2 Nh7 24.fxe5 Nc6 25.Be3 Nf8 26.Nf4 Ne6 27.Nd5 Bg5 28.Bxg5 Nxg5
29.Rad1 Kf8 30.Rf1 Ne6 31.Rf2 Ncd4 32.Rdf1 Ra7 33.Bd1 Ng5 34.Rf4 Nde6 35.Rh4
Nd4 36.Rhf4 Re8 37.h4 Nge6 38.R4f2 Kg8 39.Bh5 Nd8 40.Rd2 Rxe5 41.Bf3 Nxf3+
42.gxf3 Ne6 43.Kf2 Nd4 44.Ke3 f5 45.Rxd4 cxd4+ 46.Kxd4 Re8 47.e5 Kf7 48.f4 Re6
49.Rg1 h5 50.Rg5 g6 51.Rg3 Rd7 52.Rg2 Rc6 53.c5 Rd8 54.Rg1 Kg7 55.Re1 Kf7 {#d}
1/2-1/2

[Event "The Collie Cup tournament"]
[Site "Bermuda"]
[Date "2016.12.13"]
[Round "4"]
[White "Adrian Woodley"]
[Black "Moses Mufandaedza"]
[Result "0-1"]
[WhiteElo "1327"]
[BlackElo "1981"]

1.e4 e5 2.Nf3 Nf6 3.Nxe5 d6 4.Nf3 Nxe4 5.d3 Nf6 6.d4 d5 7.Bd3 Be7 8.O-O Bg4
9.Re1 O-O 10.Nbd2 Nbd7 11.Be2 c5 12.c3 Bd6 13.Nb3 Qc7 14.h3 Bh5 15.dxc5 Nxc5
16.Nbd4 a6 17.g4 Bg6 18.Nh4 Nce4 19.f3 Bh2+ 20.Kg2 Qg3+ 0-1

[Event "The Collie Cup tournament"]
[Site "Bermuda"]
[Date "2016.12.13"]
[Round "4"]
[White "Brian Davis"]
[Black "Mel Rabain"]
[Result "1-0"]
[WhiteElo "1428"]
[BlackElo "1430"]

1.e4 c6 2.Bc4 d5 3.Bb3 e6 4.e5 Na6 5.d4 Bb4+ 6.c3 Ba5 7.Qg4 g6 8.Bg5 Qd7 9.Nh3
c5 10.O-O Ne7 11.Bh6 Nf5 12.Bg5 Bd8 13.f4 Ne3 14.Qh4 Nxf1 15.Kxf1 Qb5+ 16.c4
Qd7 17.Nc3 Bxg5 18.Nxg5 h6 19.Ba4 cxd4 20.Bxd7+ Bxd7 21.Nb5 Kd8 22.Nxf7+ {#r}
1-0

[Event "The Collie Cup tournament"]
[Site "Bermuda"]
[Date "2016.12.13"]
[Round "4"]
[White "Daniel Iwaloye"]
[Black "Carlos Tavares"]
[Result "1-0"]
[WhiteElo "1600"]
[BlackElo "1697"]

1.f4 Nf6 2.d3 e6 3.e4 d6 4.Nf3 b6 5.Nc3 Bb7 6.Be2 Be7 7.Be3 Ng4 8.Qd2 Nc6
9.O-O-O Nxe3 10.Qxe3 a5 11.d4 Ba6 12.Bxa6 Rxa6 13.Qd3 Nb8 14.d5 O-O 15.g4 Qc8
16.f5 e5 17.g5 c5 18.Rhg1 f6 19.Rg3 c4 20.Qe2 Nd7 21.Nd2 fxg5 22.Nxc4 b5
23.Nxb5 Qc5 24.a4 Nb6 25.Rc3 Nxa4 26.Rb3 Rb8 27.Nca3 Rab6 28.Kb1 Qc8 29.Na7
Qb7 30.Nc6 Rxb3 31.cxb3 Qxb3 32.Rd3 Qb7 33.Nxb8 Qxb8 34.Qc2 Nc5 35.Rc3 Qb4
36.Rc4 Qe1+ 37.Ka2 g4 38.Nb5 h5 39.Na7 h4 40.Qg2 Qd1 41.Rc3 Qa4+ 42.Ra3 Qc4+
43.Ka1 Nb3+ 44.Rxb3 Qxb3 45.Qxg4 Qe3 46.Nc6 Bg5 47.h3 Qc1+ 48.Ka2 a4 49.Qf3
Be3 50.Ka3 Qa1+ 51.Kb4 Bc5+ 52.Ka5 Qxb2 53.Kxa4 Qc2+ 54.Kb5 Qb2+ 55.Ka4 Qb6
56.Qh5 Qa6+ 57.Na5 Qa8 58.Qxh4 Bf2 59.Qxf2 Qe8+ 60.Nc6 {#r} 1-0

[Event "The Collie Cup tournament"]
[Site "Bermuda"]
[Date "2016.12.13"]
[Round "4"]
[White "Rey Casanova"]
[Black "Sami Lill"]
[Result "0-1"]
[WhiteElo "1640"]
[BlackElo "1879"]

1.e4 d5 2.exd5 Nf6 3.Bb5+ Nbd7 4.Nc3 a6 5.Be2 Nb6 6.d3 Nbxd5 7.Nxd5 Nxd5 8.Nf3
Qd6 9.O-O Nf4 10.Bxf4 Qxf4 11.g3 Qf6 12.c3 Bh3 13.Re1 e6 14.Qa4+ c6 15.Qh4
Qxh4 16.Nxh4 Be7 17.Ng2 h6 18.Ne3 h5 19.Bf1 Bxf1 20.Kxf1 O-O-O 21.Rad1 Bd6
22.b4 h4 23.Kg2 hxg3 24.hxg3 Be5 25.d4 Bc7 26.Nc4 Kd7 27.Rh1 Ke7 28.Rxh8 Rxh8
29.Rh1 Rxh1 30.Kxh1 Kf6 31.Kg2 Kf5 32.f3 g5 33.Ne3+ Kf6 34.c4 Bb6 35.c5 Bd8
36.Nc4 Bc7 37.a4 Ke7 38.a5 f6 39.Ne3 Kd7 40.Ng4 Ke7 41.Ne3 Kd7 42.Ng4 Bd8
43.Kf2 Ke7 44.Ke3 Kf7 45.Nf2 Bc7 46.Ne4 Ke7 47.f4 gxf4+ 48.gxf4 Bb8 49.Kf3 e5
50.dxe5 fxe5 51.f5 Bc7 52.Nd6 Bb8 53.Ke4 Bxd6 54.cxd6+ Kxd6 55.f6 Ke6 56.f7
Kxf7 57.Kxe5 Ke7 58.Kd4 Kd6 59.Kc4 Kd7 60.Kc5 Kc7 61.Kc4 b6 62.Kd4 bxa5
63.bxa5 Kd6 64.Kc4 c5 65.Kc3 Kd5 66.Kd3 Kd6 67.Kc3 Kd5 68.Kd3 Kd6 69.Kc3 Kc7
70.Kd3 Kb7 71.Kc3 Kc6 72.Kc4 Kd6 73.Kd3 Kd5 74.Kc3 c4 75.Kd2 Kc5 76.Kc2 Kb4
77.Kb2 Kxa5 78.Kc3 Kb5 79.Kb2 a5 80.Ka3 Kc5 81.Kb2 Kd4 82.Kc2 c3 83.Kc1 Kd3
{#R} 0-1

[Event "The Collie Cup tournament"]
[Site "Bermuda"]
[Date "2016.12.13"]
[Round "4"]
[White "Carlton Simmons"]
[Black "Serguei Gontcharov"]
[Result "0-1"]
[WhiteElo "1400"]
[BlackElo "1724"]

1.d4 Nf6 2.c4 e5 3.e3 Bb4+ 4.Nc3 exd4 5.exd4 O-O 6.Nf3 Re8+ 7.Be2 Qe7 8.Bg5 d6
9.Nd2 c6 10.Rc1 Bf5 11.a3 Ba5 12.b4 Bb6 13.c5 Bc7 14.O-O Nbd7 15.Bf3 d5 16.Re1
Qxe1+ 17.Qxe1 Rxe1+ 18.Rxe1 Re8 19.Ne2 h6 20.Bh4 Bd3 21.Kf1 g5 22.Bg3 Bxg3
23.hxg3 g4 24.Bxd5 Nxd5 25.Nb3 Nc3 26.Nc1 Bc4 27.f3 Nf6 28.Kf2 Nxe2 29.Nxe2
Rxe2+ 30.Rxe2 Bxe2 31.Kxe2 gxf3+ 32.gxf3 Nd5 33.Kd3 Kg7 34.Ke4 Kf6 35.Kd3 Kf5
36.Kd2 Nc7 37.Kd3 a6 38.Kc4 h5 39.Kb3 Kg5 40.Ka4 h4 41.gxh4+ Kxh4 42.Ka5 Nd5
43.a4 Kg3 44.b5 axb5 45.axb5 cxb5 46.Kxb5 Kxf3 47.c6 bxc6+ 48.Kxc6 Ke4 {#R}
0-1

[Event "The Collie Cup Tournament"]
[Site "Bermuda"]
[Date "2016.12.18"]
[Round "4"]
[White "Ezra Turner"]
[Black "Don Dacres"]
[Result "0-1"]
[WhiteElo "1700"]
[BlackElo "1691"]

1.d4 d5 2.Nf3 Nf6 3.Nc3 e6 4.Bf4 a6 5.e3 Bd6 6.Bg3 Nbd7 7.Bd3 Nh5 8.Bh4 Be7
9.Bg3 Nxg3 10.hxg3 h6 11.Ne5 Nxe5 12.dxe5 c5 13.b3 b5 14.Rb1 c4 15.bxc4 bxc4
16.Be2 Qa5 17.Qd4 Bb4 18.O-O Bxc3 19.Qf4 Qc7 20.Bh5 O-O 21.Qh4 Bxe5 22.f4 Bf6
23.Qh2 Qa5 24.g4 g6 25.g5 hxg5 26.fxg5 Bg7 27.Rf6 Bxf6 28.gxf6 Qc3 29.Qf4 Kh7
30.Rf1 Rh8 31.Bf3 e5 32.Qg5 Be6 33.g3 Rab8 34.Bd1 Kg8 35.e4 Qd4+ 36.Kg2 Bh3+
37.Kf3 Bxf1 {#r} 0-1

[Event "The Collie Cup Tournament"]
[Site "Bermuda"]
[Date "2016.12.18"]
[Round "4"]
[White "Daniel Cabral"]
[Black "Jamel Warren"]
[Result "1-0"]
[WhiteElo "1600"]
[BlackElo "1528"]

1.e4 e5 2.Nf3 Nc6 3.Bb5 a6 4.Ba4 Nf6 5.O-O b5 6.Bb3 d5 7.exd5 Nxd5 8.Re1 Qd6
9.Nxe5 Nxe5 10.d4 Be6 11.Rxe5 c6 12.Qe2 Be7 13.Nc3 Nxc3 14.bxc3 Kd7 15.Bf4
Bxb3 16.cxb3 g6 17.Re1 Rhe8 18.h3 h5 19.Qf3 Qf6 20.d5 c5 21.d6 g5 22.Rxe7+
Rxe7 23.Qb7+ {#r} 1-0

[Event "The Collie Cup tournament"]
[Site "Bermuda"]
[Date "2017.01.10"]
[Round "5"]
[White "Sami Lill"]
[Black "Adrian Woodley"]
[Result "1/2-1/2"]
[WhiteElo "1879"]
[BlackElo "1347"]

1.Nf3 c5 2.g3 Nc6 3.Bg2 g6 4.O-O Bg7 5.c4 Nf6 6.Nc3 d6 7.d3 h6 8.Nd2 O-O 9.e4
e5 10.Nb3 Be6 11.f4 exf4 12.Bxf4 g5 13.Bd2 Ne5 14.Qc2 Ng6 15.Rae1 Ng4 16.Nc1
Bd4+ 17.Kh1 Nf2+ 18.Rxf2 Bxf2 19.Bxg5 Qxg5 20.Qxf2 Ne5 21.h3 Kh8 22.N3e2 f5
23.Nf4 Bd7 24.exf5 Bxf5 25.h4 Qg7 26.Be4 Bxe4+ 27.Rxe4 Qg4 28.Nce2 Nxd3 29.Qe3
Ne5 30.Rxe5 dxe5 31.Qxe5+ Kh7 32.Qe4+ Qf5 33.Qxb7+ Kg8 34.Qc6 Rae8 35.Qf3 Qe4
36.Qxe4 Rxe4 37.b3 Rxe2 38.Nxe2 Rf2 39.Nc3 Rc2 40.Ne4 Rxa2 41.Nxc5 a5 42.Nb7
{#d} 1/2-1/2

[Event "The Collie Cup Tournament"]
[Site "Bermuda"]
[Date "2017.01.10"]
[Round "5"]
[White "Serguei Gontcharov"]
[Black "Rey Casanova"]
[Result "1-0"]
[WhiteElo "1724"]
[BlackElo "1670"]

1.e4 e5 2.f4 exf4 3.Nf3 g5 4.Bc4 Bg7 5.d4 d6 6.O-O Bg4 7.c3 Be6 8.Bxe6 fxe6
9.Qb3 h6 10.Qxe6+ Ne7 11.h4 Qd7 12.Qxd7+ Nxd7 13.hxg5 O-O-O 14.Bxf4 hxg5
15.Nxg5 Rdg8 16.Nd2 Bf6 17.Ngf3 Rh5 18.Rae1 Rg4 19.g3 Rg8 20.Kf2 Rgh8 21.Ke3
Ng6 22.Kd3 Be7 23.e5 d5 24.Kc2 a5 25.Be3 b5 26.g4 R5h7 27.g5 Rh3 28.Kd1 R8h7
29.Kc2 Ndf8 30.Nb3 a4 31.Nbd2 Ne6 32.b3 axb3+ 33.axb3 c6 34.Ra1 Kb7 35.Ra2 Nc7
36.Raa1 Rg3 37.Rh1 Rhh3 38.Rxh3 Rxh3 39.Rg1 Ne6 40.Rg2 Ng7 41.Rh2 Rxh2 42.Nxh2
Kc7 43.Ng4 Ne6 44.Nf6 Kc8 45.Kd3 Kb7 46.Ke2 Ka6 47.Kf3 Ka5 48.b4+ Bxb4
49.cxb4+ Kxb4 50.Kg4 Kc3 51.Kf5 Kd3 52.Ng4 Nef8 53.Kf6 b4 54.e6 Nxe6 55.Kxe6
Kc2 56.Kd6 b3 57.Kxc6 Ne7+ 58.Kc5 b2 59.Ne5 Kc3 60.g6 Kc2 61.Bg5 {#t} 1-0

[Event "The Collie Cup Tournament"]
[Site "Bermuda"]
[Date "2017.01.10"]
[Round "5"]
[White "Moses Mufandaedza"]
[Black "Don Dacres"]
[Result "1/2-1/2"]
[WhiteElo "1981"]
[BlackElo "1691"]

1.e4 c5 2.Nf3 g6 3.d4 cxd4 4.Nxd4 Nc6 5.Nc3 Bg7 6.Be3 Nf6 7.Bc4 O-O 8.f4 Qb6
9.Ncb5 a6 10.Nf5 Qd8 11.Nxg7 axb5 12.Bb3 Kxg7 13.g4 d6 14.h4 h5 {#d} 1/2-1/2

[Event "The Collie Cup Tournament"]
[Site "Bermuda"]
[Date "2017.01.10"]
[Round "5"]
[White "Mel Rabain"]
[Black "Daniel Cabral"]
[Result "0-1"]
[WhiteElo "1430"]
[BlackElo "1600"]

1.e4 c5 2.d3 Nc6 3.Nf3 d6 4.g3 Nf6 5.Bg2 e6 6.Bg5 Be7 7.O-O h6 8.Bxf6 Bxf6
9.Re1 Bxb2 10.Na3 Bxa3 11.e5 O-O 12.Re4 Bb2 13.Rb1 Bxe5 14.Qd2 Bf6 15.Rg4 e5
16.Rc4 Rb8 17.Re1 b5 18.Rce4 Re8 19.R4e2 Qc7 20.h3 Bd7 21.Nh2 Nd4 22.Re4 d5
23.Ng4 Bxg4 24.Rxg4 Kf8 25.Bxd5 Rbd8 26.Bg2 c4 27.c3 Ne6 28.Be4 Nc5 29.Bf5
Nxd3 30.Rb1 Nf4 31.Qb2 Nxh3+ 32.Kh2 Ng5 33.Qa3+ Be7 34.Qb2 Rd5 35.Qc2 Red8
36.Kg2 Rd2 37.Qc1 Qc6+ 38.Be4 Nxe4 39.Qe1 Nxf2+ 40.Kh2 Nxg4+ 41.Kh3 Rh2+
42.Kxg4 h5+ 43.Kf5 { White Resigns. 0-1} {#R} 0-1